Indian Inheritage / (Record no. 731)
[ view plain ]
| 000 -LEADER | |
|---|---|
| fixed length control field | 00534cam a2200205ua 4500 |
| 041 ## - LANGUAGE CODE | |
| Language code of text/sound track or separate title | eng |
| 082 ## - DEWEY DECIMAL CLASSIFICATION NUMBER | |
| Classification number | 954 |
| Item number | MUN/IN |
| 100 ## - MAIN ENTRY--AUTHOR NAME | |
| Personal name | Munshi, K.M . |
| 245 00 - TITLE STATEMENT | |
| Title | Indian Inheritage / |
| 260 ## - PUBLICATION, DISTRIBUTION, ETC. (IMPRINT) | |
| Place of publication | Mumbai : |
| Name of publisher | Bharatiya Vidya Bhavan , |
| Year of publication | 1959. |
| 300 ## - PHYSICAL DESCRIPTION | |
| Number of Pages | 256 ; . |
| 490 0# - SERIES STATEMENT | |
| Series statement | Bhavan`s book University, |
| Volume number/sequential designation | vol 2 |
| 700 1# - ADDED ENTRY--PERSONAL NAME | |
| Personal name | Diwakar, R.R . |
| 942 ## - ADDED ENTRY ELEMENTS (KOHA) | |
| Koha item type | Books |
| Withdrawn status | Lost status | Damaged status | Home library | Current library | Date acquired | Full call number | Accession Number | Koha item type |
|---|---|---|---|---|---|---|---|---|
| Withdrawn | KAUAET | Sanskrit University | 07/04/2012 | 954 | 3393 | Books |
